000 00662cam a2200253 4500
008 090401t1993 xxu||||| |||| 00| 0 eng d
020 _a0864760566
035 _a(Sirsi) u60664
041 _aeng
050 _a346.04346
100 _aFreeman, L.M.
245 _aGround rentals: a national and international perspective.
260 _aWellington
_bNZIV
_c1993
300 _a104p. ; 30cm.
350 _a35
650 _aGROUND LEASES
650 _aGROUND RENTS
650 _aLEASEHOLD
650 _aNEW ZEALAND
690 _aPROPERTY-LANDLORD AND TENANT
710 _aNew Zealand Institute of Valuers
_91111
942 _n0
948 _c04/03/1997
999 _c94248
_d94248